| 000 | 03027cam a22006494i 4500 | ||
|---|---|---|---|
| 003 | PE-LiUPU | ||
| 005 | 20250731180157.0 | ||
| 008 | 150616s1997 mx a r 000 0 spa d | ||
| 020 | _a9701009614 | ||
| 020 | _a9789701009611 | ||
| 035 | _a(Sirsi) i9789701009611 | ||
| 040 |
_aPE-LiUPU _bspa _cPE-LiUPU _dPE-LiUPU _erda |
||
| 049 | _aPRUA | ||
| 082 | 0 | 4 |
_a519.5330658 _bK29 _221 |
| 100 | 1 |
_aKazmier, Leonard, _eautor. |
|
| 245 | 1 | 0 |
_aEstadística aplicada a la administración y a la economía / _cLeonard Kazmier. |
| 264 | 1 |
_aMéxico : _bMcGraw-Hill Interamericana, _c1997. |
|
| 300 |
_a520 páginas : _bilustraciones ; _c24 centímetros. |
||
| 300 | _a01 Disket-59591 | ||
| 336 |
_atext _2rdacontent |
||
| 337 |
_aunmediated _2rdamedia |
||
| 338 |
_avolume _2rdacarrier |
||
| 490 | 0 | _aColección Schaum | |
| 505 | 0 | _aAnálisis de datos de negocios -- Presentaciones estadísticas -- Descripción de datos de negocios: medidas de posición -- Descripción de datos de negocios: medidas de variabilidad -- Probabilidad -- Distribuciones de probabilidad para variables aleatorias discretas: binomial, hipergeométrica y poisson. | |
| 526 | _aSEG44 | ||
| 526 | _aSEG26 | ||
| 526 | _aP159 | ||
| 526 | _aP155 | ||
| 526 | _aP154 | ||
| 526 | _aP153 | ||
| 526 | _aP150 | ||
| 526 | _aP100 | ||
| 526 | _aP31 | ||
| 526 | _aP30 | ||
| 526 | _aP26 | ||
| 526 | _aP25 | ||
| 526 | _aP24 | ||
| 526 | _aP22 | ||
| 526 | _aP15 | ||
| 526 | _aP10 | ||
| 650 | 0 | 4 | _aEstadística. |
| 650 | 0 | 4 |
_aAdministración _xMétodos estadísticos. |
| 650 | 0 | 4 |
_aEconomía _xMétodos estadísticos. |
| 910 |
_ajck _bjvq _cjck |
||
| 942 |
_2ddc _cBOOK |
||
| 949 |
_a519.5330658 K29 1997 _wDEWEY _c1 _i43514 _lCCODEBUL1 _mBUL _r0 _sY _tBOOK _u2015-6-16 _xFCE _zUNKNOWN _0COMPRA _o.STAFF. Colección Ciencias Empresariales |
||
| 949 |
_a519.5330658 K29 1997 _wDEWEY _c2 _i35244 _lCCODEBUL1 _mBUL _r0 _sY _tBOOK _u2015-4-23 _xFCE _zUNKNOWN _0COMPRA _o.STAFF. Colección Ciencias Empresariales |
||
| 949 |
_a519.5330658 K29 _wDEWEY _c3 _i59591 _lCCODEBUL1 _mBUL _r0 _sY _tBOOK _u2015-6-16 _xBIBLIOTECA _zUNKNOWN _0COMPRA _o.STAFF. Colección General |
||
| 994 |
_aC0 _bPEPRU |
||
| 596 | _a1 | ||
| 999 |
_a519.5330658 K29 1997 _wDEWEY _c61487 _i43514 _d61487 _e2017-4-25 _f2019-12-11 _g6 _lCCODEBUL1 _mBUL _n3 _p12.00 _q1 _r0 _sY _tBOOK _u2015-6-16 _xFCE _zUNKNOWN _0COMPRA _o.STAFF. Colección Ciencias Empresariales |
||
| 999 |
_a519.5330658 K29 1997 _wDEWEY _c2 _i35244 _d2018-7-13 _e2018-7-11 _f2019-12-11 _g6 _lCCODEBUL1 _mBUL _n1 _p15.00 _r0 _sY _tBOOK _u2015-4-23 _xFCE _PP08 _0COMPRA _o.STAFF. Colección Ciencias Empresariales |
||
| 999 |
_a519.5330658 K29 _wDEWEY _c3 _i59591 _d2018-4-8 _e2018-4-8 _f2021-11-5 _g5 _lCCODEBUL1 _mBUL _n2 _r0 _sN _tBOOK _u2015-6-16 _xBIBLIOTECA _zUNKNOWN _0COMPRA _o.STAFF. Colección General |
||
| 980 |
_81 _gALBERTO SANCHEZ Responsable de Automatización |
||